[Event "Rheinland Pfalz op 11th"]
[Site "Weilerbach"]
[Date "2019.06.22"]
[Round "5"]
[White "Schaum, Michael"]
[Black "Kathstede, Gerd"]
[Result "1/2-1/2"]
[WhiteElo "1947"]
[BlackElo "1998"]
[PlyCount "31"]
[EventDate "2019.06.20"]
[EventType "swiss"]
[EventRounds "7"]
[EventCountry "GER"]
[SourceTitle "CBM 191 Extra"]
[Source "ChessBase"]
[SourceDate "2019.09.30"]
[SourceVersion "1"]
[SourceVersionDate "2019.09.30"]
[SourceQuality "1"]

1. d4 d5 2. Nf3 Nf6 3. Bg5 Ne4 4. Bf4 c5 5. e3 Nc6 6. c3 Qb6 7. Qb3 Qxb3 8. axb3 f6 9. h3 g5 10. Bh2 h5 11. Nfd2 Nxd2 12. Nxd2 e5 13. dxc5 Bxc5 14. b4 Bb6 15. Bg1 Be6 16. f3 1/2-1/2

[Event "Rheinland Pfalz op 7th"]
[Site "Frankenthal"]
[Date "2015.06.06"]
[Round "5"]
[White "Schaum, Michael"]
[Black "Decrouppe, Johann"]
[Result "1-0"]
[WhiteElo "1958"]
[BlackElo "1695"]
[PlyCount "77"]
[EventDate "2015.06.04"]
[EventType "swiss"]
[EventRounds "7"]
[EventCountry "GER"]
[SourceTitle "EXT 2017"]
[Source "ChessBase"]
[SourceDate "2016.10.25"]
[SourceVersion "1"]
[SourceVersionDate "2016.10.25"]
[SourceQuality "1"]

1. d4 Nf6 2. Nf3 g6 3. c3 Bg7 4. Bg5 h6 5. Bh4 d6 6. Nbd2 Bg4 7. e4 Nbd7 8. Qc2 c6 9. Be2 Qc7 10. 0-0 0-0-0 11. h3 Bxf3 12. Bxf3 g5 13. Bg3 e5 14. Rad1 h5 15. Nc4 Ne8 16. Qe2 h4 17. Bh2 Kb8 18. Rd2 b5 19. Ne3 Bf8 20. d5 Nb6 21. Rfd1 f6 22. Bg4 a6 23. Kh1 c5 24. b3 Ka7 25. Ra1 Rb8 26. Qf1 Ng7 27. Be2 Qb7 28. a4 b4 29. cxb4 cxb4 30. Bb5 Nd7 31. Bxd7 Qxd7 32. Rc1 Rc8 33. Rdc2 Rxc2 34. Rxc2 Be7 35. Rc6 Qb7 36. Qc1 Kb8 37. Qf1 a5 38. Nc4 Bd8 39. Nxd6 1-0

[Event "Oberliga Sued W 0809"]
[Site "Germany"]
[Date "2009.03.30"]
[Round "9.6"]
[White "Becker, Joerg2222"]
[Black "Schaum, Michael"]
[Result "1/2-1/2"]
[WhiteElo "1871"]
[BlackElo "2017"]
[PlyCount "73"]
[EventDate "2008.10.05"]
[EventType "team-tourn"]
[EventRounds "11"]
[EventCountry "GER"]
[SourceTitle "EXT 2012"]
[Source "ChessBase"]
[SourceDate "2011.11.24"]
[SourceVersion "1"]
[SourceVersionDate "2011.11.24"]
[SourceQuality "1"]
[WhiteTeam "Schwarzenbach"]
[BlackTeam "Bann"]
[WhiteTeamCountry "GER"]
[BlackTeamCountry "GER"]

1. e4 c5 2. Nf3 d6 3. c3 Nf6 4. Bc4 e6 5. Qe2 Be7 6. 0-0 Nc6 7. Bb3 Ne5 8. d4 Nxf3+ 9. Qxf3 Qc7 10. Be3 0-0 11. Nd2 b6 12. Qg3 Rd8 13. f4 Bb7 14. f5 e5 15. Bh6 Bf8 16. Bg5 Be7 17. d5 Nh5 18. Qg4 Bxg5 19. Qxg5 Nf6 20. Rf3 Kh8 21. Rg3 Rg8 22. Rh3 Qd8 23. Rf1 Qf8 24. Rff3 Rd8 25. Rxh7+ Nxh7 26. Rh3 g6 27. Qh4 Rg7 28. f6 Rb8 29. Qh6 Bc8 30. fxg7+ Qxg7 31. Qxg7+ Kxg7 32. Rg3 Nf6 33. Bd1 Ba6 34. Re3 Rf8 35. Be2 Bxe2 36. Rxe2 b5 37. Nb3 1/2-1/2

[Event "Oberliga Sued W 0809"]
[Site "Germany"]
[Date "2009.02.01"]
[Round "6.6"]
[White "Schaum, Michael"]
[Black "Biegler, Helmut"]
[Result "0-1"]
[WhiteElo "2017"]
[BlackElo "2084"]
[PlyCount "70"]
[EventDate "2008.10.05"]
[EventType "team-tourn"]
[EventRounds "11"]
[EventCountry "GER"]
[SourceTitle "EXT 2012"]
[Source "ChessBase"]
[SourceDate "2011.11.24"]
[SourceVersion "1"]
[SourceVersionDate "2011.11.24"]
[SourceQuality "1"]
[WhiteTeam "Bann"]
[BlackTeam "Illingen"]
[WhiteTeamCountry "GER"]
[BlackTeamCountry "GER"]

1. d4 g6 2. Nf3 Bg7 3. c3 d6 4. Bg5 h6 5. Bh4 f5 6. e3 g5 7. Bg3 e6 8. h4 g4 9. Nfd2 Nf6 10. Bd3 Nh5 11. Nf1 Qf6 12. Nbd2 Nc6 13. Qe2 e5 14. f3 Nxg3 15. Nxg3 h5 16. 0-0-0 Bd7 17. Kb1 0-0-0 18. f4 e4 19. Bc4 Ne7 20. Ka1 Kb8 21. Ngf1 c6 22. g3 b5 23. Bb3 c5 24. Nb1 c4 25. Bc2 d5 26. b4 cxb3 27. axb3 Rc8 28. Kb2 Rh6 29. Kc1 Qb6 30. Kb2 Rhc6 31. b4 a5 32. Bb3 R6c7 33. Rh2 axb4 34. cxb4 Qd6 35. Qd2 Nc6 0-1

[Event "BL2-Sued 0708"]
[Site "Germany"]
[Date "2008.04.06"]
[Round "8.8"]
[White "Schaum, Michael"]
[Black "Vinke, Andreas"]
[Result "0-1"]
[WhiteElo "2015"]
[BlackElo "2173"]
[PlyCount "100"]
[EventDate "2007.10.21"]
[EventType "team-tourn"]
[EventRounds "9"]
[EventCountry "GER"]
[SourceTitle "EXT 2009"]
[Source "ChessBase"]
[SourceDate "2008.11.26"]
[SourceVersion "1"]
[SourceVersionDate "2008.11.26"]
[SourceQuality "1"]
[WhiteTeam "Bann"]
[BlackTeam "Karlsruhe"]
[WhiteTeamCountry "GER"]
[BlackTeamCountry "GER"]

1. d4 e6 2. Nf3 Nf6 3. Bg5 h6 4. Bh4 b6 5. e3 Bb7 6. Nbd2 c5 7. c3 Be7 8. Be2 d6 9. 0-0 Nbd7 10. Qa4 a6 11. Qc2 cxd4 12. exd4 0-0 13. Bd3 Rc8 14. a3 Re8 15. Rac1 Qc7 16. Ne4 Nxe4 17. Bxe4 Bxh4 18. Nxh4 Nf6 19. Bxb7 Qxb7 20. Rfe1 b5 21. Nf3 Rc7 22. Nd2 Rec8 23. Ne4 Nxe4 24. Qxe4 Qxe4 25. Rxe4 Rc4 26. Re3 Rxd4 27. Kf1 Rd2 28. Re2 Rd5 29. Ke1 Kf8 30. Kf1 Ke7 31. g3 Kd7 32. Kg2 a5 33. Ra1 a4 34. Rc1 f5 35. Rce1 e5 36. f3 Rd3 37. Kf2 Kc6 38. Kg2 Kc5 39. Kf2 Kc4 40. Rc2 Rc5 41. Ke2 Rcd5 42. Kf2 Rd2+ 43. Re2 Rxc2 44. Rxc2 Kb3 45. Re2 Rd1 46. Ke3 Rb1 47. Rd2 Rxb2 48. Rxd6 Kxa3 49. Rd5 Rb3 50. Kd2 Kb2 0-1

[Event "BL2-Sued 0708"]
[Site "Germany"]
[Date "2008.02.10"]
[Round "6.6"]
[White "Schaum, Michael"]
[Black "Gramlich, Sebastian"]
[Result "0-1"]
[WhiteElo "2015"]
[BlackElo "2312"]
[PlyCount "68"]
[EventDate "2007.10.21"]
[EventType "team-tourn"]
[EventRounds "9"]
[EventCountry "GER"]
[SourceTitle "EXT 2009"]
[Source "ChessBase"]
[SourceDate "2008.11.26"]
[SourceVersion "1"]
[SourceVersionDate "2008.11.26"]
[SourceQuality "1"]
[WhiteTeam "Bann"]
[BlackTeam "Schwegenheim"]
[WhiteTeamCountry "GER"]
[BlackTeamCountry "GER"]

1. d4 d5 2. Nf3 Nc6 3. Bf4 Bg4 4. e3 e6 5. Nbd2 Bd6 6. Bxd6 cxd6 7. c3 Nf6 8. Be2 0-0 9. 0-0 a6 10. Nh4 Bxe2 11. Qxe2 Ne4 12. Nhf3 f5 13. Nxe4 dxe4 14. Nd2 d5 15. f3 Ne7 16. Rfc1 Qd6 17. Rc2 Rf6 18. b3 Raf8 19. f4 g5 20. g3 gxf4 21. exf4 Kh8 22. Nf1 Ng8 23. Ne3 Rh6 24. Rf1 Nf6 25. Rf2 Rg8 26. Qf1 b5 27. Rg2 Rhg6 28. Qd1 Rd8 29. Kh1 Rgg8 30. Rgd2 Qf8 31. Rg2 Qd6 32. Rgd2 Qf8 33. Rg2 Qh6 34. Rgd2 Rxg3 0-1

[Event "BL2-Sued 0708"]
[Site "Germany"]
[Date "2007.12.09"]
[Round "4.7"]
[White "Reefschlaeger, Helmut"]
[Black "Schaum, Michael"]
[Result "1-0"]
[WhiteElo "2297"]
[BlackElo "2015"]
[PlyCount "95"]
[EventDate "2007.10.21"]
[EventType "team-tourn"]
[EventRounds "9"]
[EventCountry "GER"]
[SourceTitle "EXT 2009"]
[Source "ChessBase"]
[SourceDate "2008.11.26"]
[SourceVersion "1"]
[SourceVersionDate "2008.11.26"]
[SourceQuality "1"]
[WhiteTeam "Baden-Baden II"]
[BlackTeam "Bann"]
[WhiteTeamCountry "GER"]
[BlackTeamCountry "GER"]

1. d4 Nf6 2. Nf3 c5 3. e3 g6 4. c3 cxd4 5. cxd4 Bg7 6. Nc3 0-0 7. Be2 d5 8. 0-0 Nc6 9. h3 Bf5 10. Bd2 Qd7 11. Ne5 Nxe5 12. dxe5 Ne4 13. g4 Nxd2 14. Qxd2 Be6 15. f4 f5 16. g5 Bf7 17. Bb5 Qd8 18. Ne2 e6 19. Nd4 Qe7 20. Rfc1 Rfc8 21. Rc3 a6 22. Ba4 Bf8 23. Rac1 Qd8 24. Qc2 Rxc3 25. Qxc3 b5 26. Bb3 Qb6 27. a4 bxa4 28. Bxa4 Rb8 29. b3 Bb4 30. Qd3 Bc5 31. Kf2 Bxd4 32. Qxd4 Qxd4 33. exd4 Rb6 34. Rc7 Kf8 35. Ke3 Kg8 36. Kd3 Kf8 37. Kc3 Kg8 38. b4 Rb8 39. Bd7 Kf8 40. Kb3 Rb6 41. Ka3 Ke7 42. Ba4+ Kf8 43. Rc8+ Ke7 44. Rc7+ Kf8 45. h4 Rb8 46. Bd7 Rb6 47. Bc6 Rb8 48. Bb7 1-0

[Event "Pfalz-ch 75th"]
[Site "Kaiserslautern"]
[Date "2006.04.07"]
[Round "1"]
[White "Villing, Dieter"]
[Black "Schaum, Michael"]
[Result "1-0"]
[WhiteElo "2261"]
[BlackElo "2027"]
[PlyCount "31"]
[EventDate "2006.04.07"]
[EventType "swiss"]
[EventRounds "7"]
[EventCountry "GER"]
[SourceTitle "EXT 2007"]
[Source "ChessBase"]
[SourceDate "2006.11.23"]
[SourceVersion "1"]
[SourceVersionDate "2006.11.23"]
[SourceQuality "1"]

1. e4 c5 2. Nf3 d6 3. Bb5+ Bd7 4. Bxd7+ Qxd7 5. 0-0 Nc6 6. c3 Nf6 7. d4 cxd4 8. cxd4 Nxe4 9. d5 Nd8 10. Re1 Nf6 11. Bg5 h6 12. Bxf6 gxf6 13. Nc3 Bg7 14. Qe2 e5 15. Nh4 Rc8 16. Ne4 1-0

[Event "RLP-ch MTB 24th"]
[Site "Kaiserslautern"]
[Date "2005.??.??"]
[Round "6"]
[White "Busch, Andreas"]
[Black "Schaum, Michael"]
[Result "1/2-1/2"]
[WhiteElo "2025"]
[BlackElo "1950"]
[PlyCount "119"]
[EventDate "2005.??.??"]
[EventType "swiss"]
[EventRounds "7"]
[EventCountry "GER"]
[SourceTitle "EXT 2009"]
[Source "ChessBase"]
[SourceDate "2008.11.26"]
[SourceVersion "1"]
[SourceVersionDate "2008.11.26"]
[SourceQuality "1"]

1. c4 Nf6 2. d4 c5 3. Nf3 cxd4 4. Nxd4 e6 5. Nc3 Be7 6. e4 d6 7. Be2 a6 8. 0-0 Qc7 9. Be3 0-0 10. Rc1 b6 11. f4 Bb7 12. Bf3 Nbd7 13. b4 Rac8 14. g4 Rfd8 15. g5 Ne8 16. a3 Qb8 17. Qe2 Bf8 18. h4 Nc7 19. h5 Qa8 20. Qg2 Re8 21. Nde2 b5 22. cxb5 Nxb5 23. Nb1 Rxc1 24. Rxc1 Rc8 25. Nec3 Nxc3 26. Nxc3 Rc7 27. g6 Qc8 28. gxf7+ Kxf7 29. Qd2 Be7 30. Ne2 Nf6 31. Rxc7 Qxc7 32. Qd3 Qc6 33. Nd4 Qc7 34. f5 exf5 35. Nxf5 Bc8 36. Qb3+ Be6 37. Qd3 d5 38. exd5 Bxf5 39. Qxf5 Qg3+ 40. Kf1 g6 41. Qe6+ Kf8 42. hxg6 Qxf3+ 43. Ke1 Qh1+ 44. Ke2 Qg2+ 45. Ke1 Qxg6 46. Qxa6 Qg3+ 47. Kd2 Qg2+ 48. Kc1 Qxd5 49. Qc8+ Kf7 50. Bc5 Qc4+ 51. Kb2 Qe2+ 52. Kb3 Qd1+ 53. Kc4 Qd5+ 54. Kb5 Nd7 55. Qc7 Qd3+ 56. Ka4 Nxc5+ 57. bxc5 Qc4+ 58. Ka5 Qxc5+ 59. Qxc5 Bxc5 60. Kb5 1/2-1/2

[Event "RLP-ch MTB 24th"]
[Site "Kaiserslautern"]
[Date "2005.??.??"]
[Round "4"]
[White "Jung, Hans Guenter"]
[Black "Schaum, Michael"]
[Result "1-0"]
[WhiteElo "1675"]
[BlackElo "1950"]
[PlyCount "139"]
[EventDate "2005.??.??"]
[EventType "swiss"]
[EventRounds "7"]
[EventCountry "GER"]
[SourceTitle "EXT 2009"]
[Source "ChessBase"]
[SourceDate "2008.11.26"]
[SourceVersion "1"]
[SourceVersionDate "2008.11.26"]
[SourceQuality "1"]

1. e4 c5 2. Nf3 d6 3. Be2 Nf6 4. d3 Nc6 5. c3 Bd7 6. Be3 e6 7. Nbd2 Be7 8. 0-0 0-0 9. a3 Qc7 10. Bf4 b6 11. Nc4 e5 12. Bg3 Nh5 13. Bh4 Bxh4 14. Nxh4 Nf4 15. Bg4 Rad8 16. Bxd7 Rxd7 17. Ne3 Qd8 18. Nf3 d5 19. Qa4 dxe4 20. dxe4 Qc8 21. Rfd1 Rfd8 22. Rxd7 Rxd7 23. Rd1 Qd8 24. Rxd7 Qxd7 25. g3 Ng6 26. Nd5 f6 27. Qc4 Kf8 28. Ne3 Nge7 29. Kg2 Na5 30. Qe2 Nac6 31. Qd2 Ke8 32. Nc4 Qxd2 33. Nfxd2 Kd7 34. f4 Ke6 35. f5+ Kd7 36. g4 b5 37. Ne3 c4 38. h4 Nd8 39. b3 cxb3 40. Nxb3 Nb7 41. g5 Kd6 42. gxf6 gxf6 43. Ng4 Ng8 44. h5 a5 45. Kf3 a4 46. Nc1 Na5 47. Ne3 Nh6 48. Nd3 Nb3 49. Ke2 Nc5 50. Nxc5 Kxc5 51. Kd3 Ng8 52. Ng4 Kc6 53. c4 Kc5 54. cxb5 Kxb5 55. Ne3 Ne7 56. Nd1 Ng8 57. Nc3+ Kc5 58. Nxa4+ Kb5 59. Nc3+ Kc5 60. Nd5 Kb5 61. Kc3 Ka4 62. Kb2 Ka5 63. Kb3 Kb5 64. a4+ Ka5 65. Ka3 Ka6 66. Kb4 h6 67. a5 Ka7 68. Kb5 Kb7 69. a6+ Ka7 70. Ka5 1-0

[Event "Oberliga Sued W 0203"]
[Site "Germany"]
[Date "2003.03.09"]
[Round "8.7"]
[White "Busche, Stefan"]
[Black "Schaum, Michael"]
[Result "1-0"]
[WhiteElo "2090"]
[BlackElo "2004"]
[PlyCount "89"]
[EventDate "2002.10.??"]
[EventType "team"]
[EventRounds "9"]
[EventCountry "GER"]
[SourceTitle "EXT 2005"]
[Source "ChessBase"]
[SourceDate "2004.11.15"]
[SourceVersion "1"]
[SourceVersionDate "2004.11.15"]
[SourceQuality "1"]

1. e4 c5 2. Nf3 d6 3. d4 cxd4 4. Nxd4 Nf6 5. Nc3 a6 6. f3 b5 7. Be3 Bb7 8. g4 e6 9. Qd2 Be7 10. 0-0-0 Nc6 11. Kb1 Rc8 12. g5 Nd7 13. Rg1 0-0 14. Nxc6 Bxc6 15. Ne2 Ne5 16. Nd4 Nc4 17. Bxc4 bxc4 18. c3 Bd7 19. h4 Be8 20. h5 Qd7 21. Qg2 Rc5 22. Qh3 Ra5 23. g6 f5 24. exf5 exf5 25. f4 h6 26. Bc1 Qa4 27. a3 Bd7 28. Rge1 Bf6 29. Qg2 Rb8 30. Ka1 Bxd4 31. Rxd4 Bc6 32. Qe2 Qb3 33. Qxc4+ Qxc4 34. Rxc4 Be4 35. b4 Rd5 36. Rc7 Rd3 37. Be3 a5 38. Bd4 axb4 39. Rxg7+ Kf8 40. Rf7+ Ke8 41. Rxf5 b3 42. Rxe4+ Kd7 43. Rf7+ Kc6 44. Re2 Kd5 45. g7 1-0